|
|
|
|
| LEADER |
00000nam a2200000 a 4500 |
| 001 |
vtls001321980 |
| 003 |
SK-MaSNL |
| 005 |
20260302070353.0 |
| 008 |
240226s1734 xo a lat |
| 015 |
|
|
|a SNBHFA1734
|
| 035 |
|
|
|a urn:nbn:sk:snk-am00fibk
|
| 035 |
|
|
|a urn:nbn:sk:snk-am3it12
|
| 035 |
|
|
|a CD9F5292-B0D0-4DD9-8A4D-9B10603300CD
|
| 040 |
|
|
|a SNK
|b slo
|c SNK
|e AACR2
|
| 041 |
0 |
|
|a lat
|
| 044 |
|
|
|a xo
|c SK
|
| 072 |
|
7 |
|a 2-1
|x Prirodzená teológia. Náboženská filozofia
|2 konspekt
|
| 080 |
|
|
|a 2-1
|2 2011
|
| 080 |
|
|
|a (049.2)
|2 2011
|
| 100 |
1 |
|
|a Bossuet, Jacques-Bénigne,
|d 1627-1707
|4 aut
|9 730767
|
| 245 |
1 |
0 |
|a Historia Doctrinae Protestantium
|b In Religionis Materia, Continuis Mutationibus, Contradictionibus, Invocationibus, variatae & fluctuantis ; Nunc iterum recusa Permissu Superiorum
|n Tomulus II.
|c Gallice Edita A Jacobo Benigno Bossuet, Episcopo Meldensi, Nunc primúm succinctius Latiné redditae , Herbipoli, M. DCC. XIX.
|
| 260 |
|
|
|a Tyrnaviae
|b Typis Academicis, per Leopoldum Berger
|c 1734
|
| 300 |
|
|
|a [2], 360, [8] s.
|c 13 cm
|
| 500 |
|
|
|a Ozdobné linky. Ozdobné iniciály. Vineta. Zložky. Kustody
|
| 504 |
|
|
|a Živé záhlavie. Poznámky pod textom. Register
|
| 650 |
0 |
7 |
|a teológia
|2 SNKPH
|9 1814
|
| 655 |
|
7 |
|a polemiky
|2 SNKPH
|9 22317
|
| 700 |
1 |
|
|a Berger, Leopold Jozef,
|d činný 18. storočie
|4 bkp
|9 172021
|
| 710 |
2 |
|
|a Akademická tlačiareň (Trnava, Slovensko)
|4 prt
|9 232890
|
| 752 |
|
|
|a Slovensko
|d Trnava
|
| 958 |
|
|
|a ONDV
|
| 999 |
|
|
|c 1146932
|d 1148862
|
| 952 |
|
|
|t P60, <03>, [BOOK], {603}
|a SNK
|b SNK
|y PREZ
|7 0
|p 17A0099673
|o snkSE 1192/2
|i snkKSF 262/56
|8 5
|0 0
|1 0
|4 0
|d 1998-02-23
|f 1
|l 0
|r 2005-01-02 00:00:00
|w 2026-02-24
|
| 952 |
|
|
|a SNK
|b SNK
|y PREZ
|7 0
|p 17A1395885
|o snkSE 1192/2 D1
|i snkF 2388/65
|8 5
|0 0
|1 0
|4 0
|d 2020-06-12
|l 0
|r 2026-02-24 19:51:40
|w 2026-02-24
|
| 952 |
|
|
|a SNK
|b SNK
|y PREZ
|7 0
|p 17A1395886
|o snkSE 1192/2 D2
|i snkF 2660/67
|8 5
|0 0
|1 0
|4 0
|d 2020-06-12
|l 0
|r 2026-02-24 19:51:40
|w 2026-02-24
|